000 00718nam a2200241 i 4500
001 17099
003 ES-MaACL
005 20230906151514.0
007 t|
008 201220s2000 sp ||||1| spa d
020 _a84-339-0675-3
080 _a821.521-31"19"
100 1 _aOé, Kenzaburo.
_986541
245 1 3 _aEl grito silencioso /
_cKenzaburo Oé ; traducción del japonés de Miguel Wandenbergh.
250 _a2ª ed.
260 _aBarcelona :
_bAnagrama,
_c2000.
300 _a345 p. ;
_c20 cm.
490 1 _aPanorama de narrativas ;
_v324
700 1 _aWandenbergh, Miguel.
_9116039
830 0 0 _aPanorama de narrativas
_v324
_9123642
852 _aES-MaACL
_jL-23957
_bR.129120
999 _c17099
_d17099